[Event "BL2 Ost 1213 (Women)"]
[Site "Germany"]
[Date "2013.03.09"]
[Round "6.6"]
[White "Grohmann, Katrin"]
[Black "Sonntag, Gisa"]
[Result "1/2-1/2"]
[WhiteElo "1889"]
[BlackElo "1879"]
[PlyCount "50"]
[EventDate "2012.10.06"]
[EventType "team-tourn"]
[EventRounds "7"]
[EventCountry "GER"]
[SourceTitle "EXT 2018"]
[Source "ChessBase"]
[SourceDate "2017.10.13"]
[SourceVersion "1"]
[SourceVersionDate "2017.10.13"]
[SourceQuality "1"]
[WhiteTeam "Erfurt Medizin (W)"]
[BlackTeam "Leipzig Schachgemeinschaft (W)"]
[WhiteTeamCountry "GER"]
[BlackTeamCountry "GER"]

1. e4 e5 2. Nf3 Nc6 3. Bb5 Nf6 4. 0-0 d6 5. d4 Bd7 6. d5 Ne7 7. Bxd7+ Nxd7 8. c4 g6 9. b4 a5 10. bxa5 Nc5 11. Qe1 Qd7 12. Ba3 Nd3 13. Qe3 Nf4 14. c5 Ng8 15. cxd6 cxd6 16. Nc3 Rxa5 17. Bb4 Ra6 18. g3 Qg4 19. Kh1 Nh3 20. Ng1 Nf6 21. f3 Qd7 22. Nxh3 Qxh3 23. Nb5 Rxa2 24. Bd2 Nh5 25. Kg1 Nxg3 1/2-1/2

[Event "BL2 Ost 1213 (Women)"]
[Site "Germany"]
[Date "2012.12.01"]
[Round "3.5"]
[White "Grohmann, Katrin"]
[Black "Sommer, Ute"]
[Result "1-0"]
[WhiteElo "1889"]
[BlackElo "1573"]
[PlyCount "133"]
[EventDate "2012.10.06"]
[EventType "team-tourn"]
[EventRounds "7"]
[EventCountry "GER"]
[SourceTitle "EXT 2018"]
[Source "ChessBase"]
[SourceDate "2017.10.13"]
[SourceVersion "1"]
[SourceVersionDate "2017.10.13"]
[SourceQuality "1"]
[WhiteTeam "Erfurt Medizin (W)"]
[BlackTeam "Potsdam USV (W)"]
[WhiteTeamCountry "GER"]
[BlackTeamCountry "GER"]

1. e4 c5 2. Nc3 e6 3. g3 Nc6 4. Bg2 Nf6 5. f4 d6 6. Nf3 a6 7. 0-0 Be7 8. h3 Qc7 9. Kh2 Nd4 10. d3 0-0 11. Ne2 Nxf3+ 12. Bxf3 Bd7 13. g4 h6 14. Qe1 Bc6 15. Qg3 c4 16. Nd4 cxd3 17. cxd3 Bd7 18. Rg1 Nh7 19. g5 hxg5 20. fxg5 g6 21. Rg2 Qc5 22. Nb3 Qc7 23. h4 e5 24. Be3 Be6 25. Rc1 Qd7 26. Nd2 b5 27. b3 Rac8 28. Rgg1 Rxc1 29. Rxc1 Rc8 30. Qg1 Rc6 31. d4 exd4 32. Bxd4 Qc7 33. Rxc6 Qxc6 34. Qb1 Qc7 35. Qb2 d5+ 36. Be5 Bd6 37. Bxd6 Qxd6+ 38. e5 Qc5 39. Nf1 d4 40. Qe2 Bf5 41. Be4 Qxe5+ 42. Ng3 Bxe4 43. Qxe4 Qxe4 44. Nxe4 Nf8 45. Kg2 Ne6 46. Kf3 Kf8 47. Nd2 Ke7 48. Ke4 Kd6 49. b4 d3 50. Kxd3 Kd5 51. Ke3 Nd4 52. Kd3 Nc6 53. a3 Ne5+ 54. Ke3 Nc4+ 55. Nxc4 Kxc4 56. Ke4 Kb3 57. Ke5 Kxa3 58. Kf6 Kxb4 59. Kxf7 a5 60. h5 gxh5 61. g6 a4 62. g7 a3 63. g8Q a2 64. Qh8 Ka3 65. Qc3+ Ka4 66. Qb2 b4 67. Qxa2+ 1-0

[Event "BL2 Ost 1112 (Women)"]
[Site "Germany"]
[Date "2011.11.26"]
[Round "3.5"]
[White "Grohmann, Katrin"]
[Black "Helmbold, Irene"]
[Result "0-1"]
[WhiteElo "1878"]
[BlackElo "2022"]
[PlyCount "54"]
[EventDate "2011.10.29"]
[EventType "team-tourn"]
[EventRounds "7"]
[EventCountry "GER"]
[SourceTitle "EXT 2013"]
[Source "ChessBase"]
[SourceDate "2012.11.22"]
[SourceVersion "1"]
[SourceVersionDate "2012.11.22"]
[SourceQuality "1"]
[WhiteTeam "Erfurt Medizin (W)"]
[BlackTeam "Leipzig SG (W)"]
[WhiteTeamCountry "GER"]
[BlackTeamCountry "GER"]

1. e4 c5 2. Nc3 e6 3. g3 a6 4. Bg2 d6 5. f4 Qc7 6. Nf3 Nd7 7. 0-0 b5 8. d4 cxd4 9. Nxd4 Bb7 10. f5 e5 11. Nde2 Ngf6 12. Bg5 Be7 13. Kh1 Rc8 14. Rc1 b4 15. Bxf6 Nxf6 16. Nd5 Nxd5 17. exd5 Bg5 18. Nf4 exf4 19. Re1+ Kf8 20. Qg4 Bf6 21. c3 bxc3 22. bxc3 fxg3 23. hxg3 h5 24. Qa4 Be5 25. Re3 h4 26. g4 Qc4 27. Qd7 Qf4 0-1

[Event "BL 0910 (Women)"]
[Site "Germany"]
[Date "2010.03.27"]
[Round "10.6"]
[White "Stemmler, Lysan"]
[Black "Grohmann, Katrin"]
[Result "1/2-1/2"]
[WhiteElo "1835"]
[BlackElo "1898"]
[PlyCount "87"]
[EventDate "2009.11.07"]
[EventType "team-tourn"]
[EventRounds "11"]
[EventCountry "GER"]
[SourceTitle "CBM 133 Extra"]
[Source "ChessBase"]
[SourceDate "2010.01.05"]
[SourceVersion "1"]
[SourceVersionDate "2010.01.05"]
[SourceQuality "1"]
[WhiteTeam "Torgelow (W)"]
[BlackTeam "Erfurt Medizin (W)"]
[WhiteTeamCountry "GER"]
[BlackTeamCountry "GER"]

1. e4 c5 2. c3 d5 3. exd5 Qxd5 4. d4 cxd4 5. cxd4 Nc6 6. Nf3 Bg4 7. Be2 e6 8. 0-0 Nf6 9. h3 Bh5 10. Nc3 Qd8 11. Bg5 Be7 12. Qb3 Bxf3 13. Bxf3 Nxd4 14. Qxb7 Nxf3+ 15. Qxf3 0-0 16. Rfd1 Qb6 17. b3 h6 18. Bh4 Qb4 19. Bg3 Rac8 20. Rac1 Qa5 21. Bf4 Bb4 22. Na4 Rxc1 23. Rxc1 Qf5 24. g4 Qg6 25. Kh2 Nd5 26. Bg3 Ba3 27. Rc4 Bb4 28. Qe2 Qb1 29. Qc2 Qf1 30. Qe4 Qa1 31. Qc2 Qe1 32. Nb2 Ba5 33. Nd3 Qf1 34. Ne5 Nb4 35. Qb2 Nd3 36. Nxd3 Qxd3 37. Qc2 Qxc2 38. Rxc2 Bb6 39. Bh4 f6 40. Rd2 Rd8 41. Rxd8+ Bxd8 42. Kg2 Kf7 43. f3 Bb6 44. Bf2 1/2-1/2

[Event "BL 0910 (Women)"]
[Site "Germany"]
[Date "2010.02.20"]
[Round "6.5"]
[White "Grohmann, Katrin"]
[Black "Mikliaeva, Darja S"]
[Result "0-1"]
[WhiteElo "1898"]
[BlackElo "2162"]
[PlyCount "44"]
[EventDate "2009.11.07"]
[EventType "team-tourn"]
[EventRounds "11"]
[EventCountry "GER"]
[SourceTitle "CBM 133 Extra"]
[Source "ChessBase"]
[SourceDate "2010.01.05"]
[SourceVersion "1"]
[SourceVersionDate "2010.01.05"]
[SourceQuality "1"]
[WhiteTeam "Erfurt Medizin (W)"]
[BlackTeam "Bad Koenigshofen (W)"]
[WhiteTeamCountry "GER"]
[BlackTeamCountry "GER"]

1. e4 c5 2. Nc3 Nc6 3. g3 g6 4. Bg2 Bg7 5. f4 d6 6. Nf3 Bg4 7. h3 Bd7 8. 0-0 Nd4 9. Ne2 Nxf3+ 10. Rxf3 Qc8 11. Kh2 Bc6 12. Rf1 f5 13. d3 h5 14. h4 Nf6 15. Bh3 Ng4+ 16. Bxg4 hxg4 17. exf5 gxf5 18. d4 Qe6 19. dxc5 dxc5 20. Rb1 Qe4 21. Rf2 Rd8 22. Qe1 Bf6 0-1

[Event "BL2 West 0809 (Women)"]
[Site "Germany"]
[Date "2009.03.08"]
[Round "7.6"]
[White "Kraus, Tanja"]
[Black "Grohmann, Katrin"]
[Result "0-1"]
[WhiteElo "1963"]
[BlackElo "1771"]
[PlyCount "82"]
[EventDate "2008.11.08"]
[EventType "team-tourn"]
[EventRounds "7"]
[EventCountry "GER"]
[SourceTitle "EXT 2010"]
[Source "ChessBase"]
[SourceDate "2010.11.25"]
[SourceVersion "1"]
[SourceVersionDate "2010.11.25"]
[SourceQuality "1"]
[WhiteTeam "Wattenscheid (W)"]
[BlackTeam "Erfurt Medizin (W)"]
[WhiteTeamCountry "GER"]
[BlackTeamCountry "GER"]

1. e4 c5 2. c4 Nc6 3. Nc3 e6 4. g3 Nf6 5. Bg2 Be7 6. Nge2 0-0 7. 0-0 a6 8. d3 Rb8 9. a4 d6 10. Be3 Bd7 11. h3 Na5 12. Bd2 Bc6 13. Nf4 Qc7 14. Re1 b6 15. Qc2 Ba8 16. Na2 Nc6 17. Ne2 b5 18. b4 cxb4 19. cxb5 axb5 20. Nd4 Qb6 21. Nxb5 Rfc8 22. Qb2 Nd7 23. d4 Nxd4 24. Be3 Rc2 25. Qxd4 Qxd4 26. Bxd4 b3 27. Nb4 Rc4 28. Na6 Rxb5 29. axb5 Rxd4 30. Nc7 Nb6 31. Nxa8 Nxa8 32. Rxa8+ Bf8 33. b6 Rb4 34. Rc1 b2 35. Rxf8+ Kxf8 36. Rc8+ Ke7 37. Rc7+ Kf6 38. e5+ dxe5 39. Be4 b1Q+ 40. Bxb1 Rxb1+ 41. Kg2 Rxb6 0-1

[Event "BL2 West 0809 (Women)"]
[Site "Germany"]
[Date "2008.11.09"]
[Round "2.6"]
[White "Schlueter, Sabrina"]
[Black "Grohmann, Katrin"]
[Result "1/2-1/2"]
[WhiteElo "1758"]
[BlackElo "1771"]
[PlyCount "91"]
[EventDate "2008.11.08"]
[EventType "team-tourn"]
[EventRounds "7"]
[EventCountry "GER"]
[SourceTitle "EXT 2010"]
[Source "ChessBase"]
[SourceDate "2010.11.25"]
[SourceVersion "1"]
[SourceVersionDate "2010.11.25"]
[SourceQuality "1"]
[WhiteTeam "Kiel Doppelbauer (W)"]
[BlackTeam "Erfurt Medizin (W)"]
[WhiteTeamCountry "GER"]
[BlackTeamCountry "GER"]

1. e4 c5 2. Nf3 d6 3. Nc3 Nf6 4. d4 cxd4 5. Nxd4 a6 6. Bc4 e6 7. Qd3 Qc7 8. 0-0 Be7 9. Bb3 0-0 10. Qg3 Kh8 11. Be3 Nc6 12. Rad1 b5 13. a3 Na5 14. Ba2 Nc4 15. Bc1 Bb7 16. f3 Rac8 17. Nce2 d5 18. Qxc7 Rxc7 19. exd5 Nxd5 20. Bxc4 Rxc4 21. c3 Bc5 22. Kh1 Bb6 23. Rd3 Rd8 24. Rfd1 Rc7 25. Ng3 h6 26. Ne4 Rcd7 27. Ne2 f5 28. N4g3 Nf6 29. Rxd7 Rxd7 30. Rxd7 Nxd7 31. Nf4 e5 32. Nd3 e4 33. fxe4 fxe4 34. Nf4 Nf6 35. h3 Kg8 36. Nfe2 Ne8 37. Nf5 Bc5 38. Be3 Bxe3 39. Nxe3 Nd6 40. Kg1 Kf7 41. Kf2 h5 42. h4 g6 43. g3 Kf6 44. Nf4 a5 45. b3 Bc6 46. Ke2 1/2-1/2